000 01227nam a2200205Ia 4500
001 b6488-46518
003 IT-MiCISF
008 161014s9999||||xx |||||||||||||| ||und||
040 _aIT-MiCISF
_cIT-MiCISF
041 _ait
100 _aZaffini Giorgia
245 0 _aQuando nasce un genitore
_bStabilire un buon incontro con i figli
250 _a1a ed.
260 _a Roma
_bArmando Ed.
_c2009
300 _app. 95
500 _a / genitorialità, coppia, rapporti-genitori-figli, rapporti-genitori-figli, rapporti-padre-figli / Diventare genitori rappresenta oggi la riscoperta di un ruolo, l'assunzione di uno status; è una grande gioia ma molto spesso vi è anche un insieme di timori che i due neogenitori si vedono costretti a gestire. Come si cresce un figlio? Sarò all'altezza di questo compito? Come poter fare meglio? In questo libro l'A. fornisce risposte empatiche a questi e a tanti altri quesiti, proponendo attraverso una visione psicodinamica e una partecipazione emotiva una nuova modalità per poter crescere con i propri figli, riscoprendo il Sé e la propria libertà interiore.
650 _a Genitorialità e problemi educativi / genitorialità
_e004
942 _cBK
957 _71
999 _a46518
_bsi
_g1
_c210552
_d210552